000 00969nam a2200277Ia 4500
003 OSt
005 20221005110018.0
006 a|||||r|||| 00| 0
007 ta
008 221004b |||||||| |||| 00| 0 kan d
020 _a9788126049875 (hbk)
_cINR 350.00
024 _a37456
037 _bBW/1665, 14/03/2018, Bookwell
_cTextual
040 _aCRL
_cCRL
_bkan
041 _2kan
_akan
082 _aO33,3NNA,ZI, 152Q6
100 _aनागभूषण, गीता
245 0 _aज़िंदगानी
246 _aज़iandagānī
260 _aनई दिल्ली
_bसाहित्य अकादेमी भारत
_c2016
300 _a464पृ0
_ccm.
650 _a कन्नड़ साहित्य
650 _aकन्नड़ कहानी
942 _hO33,3NNA,ZI, 152Q6
_cTEXL
_2cc
999 _c1017524
_d1017524